Catálogo de la Biblioteca Horacio González - Universidad Nacional de General Sarmiento

La muerte de Sebastián Arache y su pobre entierro (Registro nro. 55083)

Detalles MARC
000 -CABECERA
campo de control de longitud fija 01420ngm a22002890a 4500
001 - NÚMERO DE CONTROL
campo de control PT38770
003 - IDENTIFICADOR DEL NÚMERO DE CONTROL
campo de control AR-LpoUNG
005 - FECHA Y HORA DE LA ÚLTIMA TRANSACCIÓN
campo de control 20210202000532.0
007 - CAMPO FIJO DE DESCRIPCIÓN FÍSICA--INFORMACIÓN GENERAL
campo de control de longitud fija vd cvaizq
008 - DATOS DE LONGITUD FIJA--INFORMACIÓN GENERAL
campo de control de longitud fija 191001s1979||||ag |||||||||||||||||spa d
037 ## - FUENTE DE ADQUISICIÓN
Condiciones de disponibilidad $11.25
040 ## - FUENTE DE LA CATALOGACIÓN
Centro catalogador/agencia de origen AR-LpoUNG
Lengua de catalogación spa
Centro/agencia transcriptor AR-LpoUNG
Normas de descripción aacr
041 ## - CÓDIGO DE LENGUA
Código de lengua del texto/banda sonora o título independiente spa
044 ## - CÓDIGO DEL PAÍS DE LA ENTIDAD EDITORA/PRODUCTORA
Código MARC del país ag
082 0# - NÚMERO DE LA CLASIFICACIÓN DECIMAL DEWEY
Número de clasificación 305.8 243mue
100 1# - ENTRADA PRINCIPAL--NOMBRE DE PERSONA
Nombre de persona Sarquis, Nicolás
Término indicativo de función/relación dir.
245 13 - MENCIÓN DE TÍTULO
Título La muerte de Sebastián Arache y su pobre entierro
260 ## - PUBLICACIÓN, DISTRIBUCIÓN, ETC.
Lugar de publicación, distribución, etc. Buenos Aires :
Nombre del editor, distribuidor, etc. Blackman,
Fecha de publicación, distribución, etc. 1979.
300 ## - DESCRIPCIÓN FÍSICA
Extensión DVD (100 min.) : son., col.
505 0# - NOTA DE CONTENIDO CON FORMATO
Nota de contenido con formato Hecha en 1977. - Publicada en 1983. Prohibida para menores de 14 años.
520 ## - SUMARIO, ETC.
Sumario, etc. Una leyenda de maldiciones y muerte en un desierto austero y seco donde la lluvia no caerá. El relato se centra en las vivencias y la miseria de un indígena que encuentra la muerte al promediar el filme. Los tempos muertos y la morosidad del relato operan como fundamento estilístico de este indispensable filme nacional qu se rodó en Patquía, La Rioja. Su filmación se prolongó durante 5 años debido a la muerte de su protagonista. Luego, la censura militar prohibió que se estrenara en Argentina, aunque participó de numerosos festivales internacionales, incluido en Festval de Cannes. Finalmente vió la luz en Argentina en 1983.
650 #4 - PUNTO DE ACCESO ADICIONAL DE MATERIA--TÉRMINO DE MATERIA
Término de materia o nombre geográfico como elemento de entrada DRAMA
653 ## - TÉRMINO DE INDIZACIÓN--NO CONTROLADO
Término no controlado CINE ARGENTINO
653 ## - TÉRMINO DE INDIZACIÓN--NO CONTROLADO
Término no controlado POBLACION INDIGENA
905 ## - ELEMENTOS DE DATOS E LOCAL, LDE (RLIN)
a 38770
942 ## - ELEMENTOS DE PUNTO DE ACCESO ADICIONAL (KOHA)
Tipo de ítem Koha DVD
Existencias
Estado de retiro Estado de pérdida Estado dañado No para préstamo Código de colección Localización permanente Ubicación/localización actual Fecha de adquisición Total de préstamos Signatura topográfica completa Código de barras Fecha visto por última vez Precio válido a partir de Tipo de ítem Koha
        Colección Cine Biblioteca Universidad Nacional de General Sarmiento Biblioteca Universidad Nacional de General Sarmiento 02/02/2021   305.8 243mue 00043244 02/02/2021 02/02/2021 DVD
        Colección Cine Biblioteca Universidad Nacional de General Sarmiento Biblioteca Universidad Nacional de General Sarmiento 02/02/2021   305.8 243mue 00043245 02/02/2021 02/02/2021 DVD
        Colección Cine Biblioteca Universidad Nacional de General Sarmiento Biblioteca Universidad Nacional de General Sarmiento 02/02/2021   305.8 243mue 00043246 02/02/2021 02/02/2021 DVD